00414 2200181 4500001002100000005001500021035002000036245003400056100001100090250000600101300003100107260003300138082001100171084001700182020000600199600001000205990001700215INLIS00000000000157120230511101032 a0010-05230000201 aMasih Ada Hari Esok /cFour D0 aFour D a- a32 hlm. :bilus. ;c27 cm. a[ s.i ] :b{ s.n },c[ s.a ] a398.24 a398.24 FOU m a- 4aFabel a05091/H/2023